| 000 | 00758nam a22002417a 4500 | ||
|---|---|---|---|
| 003 | UA-OsUOA | ||
| 001 | 47270 | ||
| 007 | ta | ||
| 008 | 20120607b un ||||| |||| 00| 0 ukr d | ||
| 100 | _aОмельченко-Кейван-Жила | ||
| 090 |
_a082 / 82 (477) _bО-57 |
||
| 942 | _cBK | ||
| 040 |
_aUA-OsUOA _bukr _cUA-OsUOA _dUA-OsUOA |
||
| 245 | _aДо Шевченківських роковин (збірник статей) | ||
| 300 | _a68 с. | ||
| 955 | _a1 | ||
| 041 | _aukr | ||
| 080 | _a082 / 82 (477) | ||
| 260 |
_aВінніпег _c1953 |
||
| 650 | 7 |
_a08 Видання. Колективні праці _2UDC |
|
| 999 |
_c427381 _d427381 |
||